000
00300nam a2200121 a 4500
005
20140414132114.0
008
110824s19uu xx 00 eng d
050
_a
FIC
_b
D11 1966
100
_a
Dahl, Roald
245
_a
The magic finger.
260
_a
U.S.A :
_b
HarperCollins,
_c
1966.
999
_c
114853
_d
114853